000 00417nam a22001337a 4500
003 MACL
005 20200806131953.0
008 200806b xxu||||| |||| 00| 0 eng d
040 _cMACL
100 _aसिंह,डॉ अनिरूद्ध
_979306
245 _aविज्ञान का इतिहास
260 _aदिल्‍ली
_bविक्रम बुक्‍स
_c2016
942 _2ddc
_cHIN
999 _c62876
_d62876